000 05315nam a22006015a 4500
005 20040816151637.0
008 080826t xxu||||| |||| 00| 0 eng d
010 _aB-277205-234
020 _a8131700240
_c299.00
035 _aB-277205-234
037 _a066/10.6.08
_bUBH
040 _aDPL
_bEnglish
082 _a000
100 _aThorpe, Edgar
245 _aObjective general knowledge /
_cby Edgar Thorpe [and] Showick Thorpe
260 _aDelhi
_bPearson Education
_c2008
300 _a634p.
_c28 cm (pbk)
700 _aThorpe, Showick
942 _2ddc
_cEN
_h000
_mTHO
999 _c15092
_d15092